00927nam a2200253 i 450000100060000000300090000600500170001500700030003200800410003502000180007608000310009410000380012524501060016325000120026926000360028130000220031749000280033960000750036770000340044283000360047685200220051299900170053495201220055167299ES-MaACL20231218163225.0t|040518s2003 sp ||||0| spa d a84-8306-559-2 a929 María Antonieta (44)1 aZweig, Stefan,d1881-1942911856210aMaría Antonieta b: retrato de una reina mediocre / cStefan Zweig ; traducción de Carlos Fortea. a1ª ed. a[Barcelona] : bDebate, c2003. a508 p. ; c22 cm.1 aNarrativa. Biografías04aMaría Antonieta cReina consorte de Luis XVI, Rey de Francia.9766571 aFortea, Carlos,d1963-9518440 aNarrativa. Biografías9230887 aES-MaACLjL-27514 c67299d67299 00104070aATENEOMbATENEOMcDEPO2d2008-01-17eSCl0oL-27514p1070477r2023-02-23 00:00:00w2023-02-23yMONOGRAFIA